[Event "Copenhagen Chess Challenge"]
[Site "Taastrup"]
[Date "2005.??.??"]
[Round "8"]
[White "Korolev, Nikolaj"]
[Black "De Firmian, Nick E"]
[Result "0-1"]
[WhiteElo "2100"]
[BlackElo "2549"]
[PlyCount "52"]
[EventDate "2005.04.20"]
[EventType "swiss"]
[EventRounds "9"]
[EventCountry "DEN"]
[SourceTitle "EXT 2018"]
[Source "ChessBase"]
[SourceDate "2017.10.13"]
[SourceVersion "1"]
[SourceVersionDate "2017.10.13"]
[SourceQuality "1"]

1. e4 c5 2. Nf3 d6 3. d4 cxd4 4. Nxd4 Nf6 5. Nc3 a6 6. f4 e5 7. Nf3 Nbd7 8. a4 Be7 9. Bd3 0-0 10. 0-0 exf4 11. Kh1 Nc5 12. Bxf4 Bg4 13. Qd2 Rc8 14. a5 Re8 15. b4 Nxd3 16. Qxd3 Qc7 17. Ra3 Qc4 18. Rb1 d5 19. Ne5 Qxd3 20. cxd3 Be6 21. exd5 Nxd5 22. Nxd5 Bxd5 23. d4 Rc2 24. Rg3 Bh4 25. Rg4 h5 26. Rxh4 Rxg2 0-1

[Event "Copenhagen Chess Challenge"]
[Site "Taastrup"]
[Date "2005.??.??"]
[Round "5"]
[White "Korolev, Nikolaj"]
[Black "Nilsson, Sebastian"]
[Result "1-0"]
[WhiteElo "2100"]
[BlackElo "2224"]
[PlyCount "87"]
[EventDate "2005.04.20"]
[EventType "swiss"]
[EventRounds "9"]
[EventCountry "DEN"]
[SourceTitle "EXT 2018"]
[Source "ChessBase"]
[SourceDate "2017.10.13"]
[SourceVersion "1"]
[SourceVersionDate "2017.10.13"]
[SourceQuality "1"]

1. e4 e6 2. d4 d5 3. Nc3 Bb4 4. e5 c5 5. a3 Bxc3+ 6. bxc3 Ne7 7. Qg4 Qa5 8. Bd2 0-0 9. Bd3 Nbc6 10. Qh5 h6 11. g4 c4 12. Be2 f6 13. exf6 Rxf6 14. g5 g6 15. Qxh6 Rf7 16. Qh4 e5 17. dxe5 Nxe5 18. f4 Nf5 19. Qf2 Nd6 20. Nf3 Nxf3+ 21. Bxf3 Re7+ 22. Kd1 Bf5 23. Kc1 Rae8 24. Kb2 Qb5+ 25. Kc1 Be4 26. a4 Qa5 27. Re1 b5 28. Qc5 Nb7 29. Qa3 a6 30. Bxe4 dxe4 31. Be3 bxa4 32. Qb4 Qd5 33. Rxa4 Nd6 34. Rd1 Qf5 35. Rxd6 Qh3 36. Rxg6+ Kf7 37. Rf6+ Kg7 38. Bd4 Qf1+ 39. Kb2 e3 40. Raxa6 e2 41. Rg6+ Kh7 42. Rh6+ Kg8 43. Rh8+ Kf7 44. g6# 1-0

[Event "Copenhagen Chess Challenge"]
[Site "Taastrup"]
[Date "2005.??.??"]
[Round "6"]
[White "Smith, Axel"]
[Black "Korolev, Nikolaj"]
[Result "0-1"]
[WhiteElo "2139"]
[BlackElo "2100"]
[PlyCount "82"]
[EventDate "2005.04.20"]
[EventType "swiss"]
[EventRounds "9"]
[EventCountry "DEN"]
[SourceTitle "EXT 2018"]
[Source "ChessBase"]
[SourceDate "2017.10.13"]
[SourceVersion "1"]
[SourceVersionDate "2017.10.13"]
[SourceQuality "1"]

1. e4 c5 2. c3 Nf6 3. e5 Nd5 4. d4 cxd4 5. Nf3 e6 6. cxd4 b6 7. Nc3 Nxc3 8. bxc3 Qc7 9. Bd2 Bb7 10. Bd3 d6 11. 0-0 Nd7 12. Re1 Be7 13. Bg5 Bxg5 14. Nxg5 dxe5 15. dxe5 h6 16. Qh5 0-0 17. f4 Qc6 18. Be4 Qc5+ 19. Kh1 Bxe4 20. Nxe4 Qc4 21. Re3 Nc5 22. Nf6+ Kh8 23. Rf3 Rad8 24. Ng4 Qe2 25. h3 Ne4 26. Rg1 Rd3 27. Rxd3 Qxd3 28. Qh4 Ng3+ 29. Kh2 Nf5 30. Qf2 Rc8 31. Rc1 h5 32. Nf6 gxf6 33. exf6 h4 34. c4 Qg3+ 35. Kg1 Qxf2+ 36. Kxf2 Kh7 37. Rd1 Rc7 38. a4 Kg6 39. a5 Rxc4 40. Rd7 Rxf4+ 41. Ke2 bxa5 0-1

[Event "Copenhagen-ch"]
[Site "Copenhagen"]
[Date "2004.10.13"]
[Round "5"]
[White "Korolev, Nikolaj"]
[Black "Jensen, Soren"]
[Result "1-0"]
[WhiteElo "2107"]
[BlackElo "2047"]
[PlyCount "69"]
[EventDate "2004.10.09"]
[EventType "swiss"]
[EventRounds "9"]
[EventCountry "DEN"]
[SourceTitle "EXT 2018"]
[Source "ChessBase"]
[SourceDate "2017.10.13"]
[SourceVersion "1"]
[SourceVersionDate "2017.10.13"]
[SourceQuality "1"]

1. e4 c6 2. d4 d5 3. Nc3 dxe4 4. Nxe4 Nf6 5. Nxf6+ gxf6 6. c3 Qd5 7. Be3 Bf5 8. Nf3 e6 9. g3 Nd7 10. Bg2 Be4 11. 0-0 0-0-0 12. c4 Qh5 13. Ne5 Qxd1 14. Rfxd1 Nxe5 15. dxe5 Rxd1+ 16. Rxd1 Bxg2 17. Kxg2 fxe5 18. Bxa7 Kc7 19. c5 Be7 20. Bb6+ Kc8 21. Kf3 Rg8 22. h3 h5 23. a4 f5 24. b4 Bg5 25. b5 cxb5 26. axb5 Be7 27. Ra1 Kb8 28. Re1 Bf6 29. Rd1 Kc8 30. Rd6 Re8 31. h4 Bg7 32. c6 bxc6 33. bxc6 Bf6 34. Rd7 Bd8 35. Ra7 1-0

[Event "Copenhagen-ch"]
[Site "Copenhagen"]
[Date "2004.10.12"]
[Round "4"]
[White "Andersen, Ejnar"]
[Black "Korolev, Nikolaj"]
[Result "1-0"]
[WhiteElo "2048"]
[BlackElo "2107"]
[PlyCount "92"]
[EventDate "2004.10.09"]
[EventType "swiss"]
[EventRounds "9"]
[EventCountry "DEN"]
[SourceTitle "EXT 2018"]
[Source "ChessBase"]
[SourceDate "2017.10.13"]
[SourceVersion "1"]
[SourceVersionDate "2017.10.13"]
[SourceQuality "1"]

1. d4 Nf6 2. Nf3 e6 3. e3 b6 4. Bd3 Bb7 5. Nbd2 Be7 6. 0-0 0-0 7. b3 c5 8. Bb2 Nc6 9. a3 d5 10. Qe2 Rc8 11. Rad1 Qc7 12. c4 Rfd8 13. cxd5 Nxd5 14. Bb1 g6 15. dxc5 Bxc5 16. Rc1 Qe7 17. b4 Bd6 18. Ne4 Bb8 19. Ba1 e5 20. Ba2 Rd7 21. g3 a6 22. Nfd2 Rcd8 23. Rfd1 Kf8 24. Nc3 Nxc3 25. Bxc3 Na7 26. Nc4 Bc7 27. Rxd7 Rxd7 28. Rd1 Rxd1+ 29. Qxd1 b5 30. Nd2 Qd7 31. Qb3 Nc8 32. Qb2 Qc6 33. e4 Qf6 34. Bd5 Bb6 35. Nf1 Bxd5 36. exd5 Bc7 37. Ne3 Qg5 38. Bd2 Nb6 39. Qc3 Qe7 40. Qc5 Na4 41. Qc6 Qd6 42. Qa8+ Kg7 43. Ng4 h5 44. Bh6+ Kh7 45. Bf8 Qb6 46. Ne3 Bd6 1-0

[Event "Politiken Cup 26th"]
[Site "Copenhagen"]
[Date "2004.07.25"]
[Round "2"]
[White "Korolev, Nikolaj"]
[Black "Rasmussen, Karsten"]
[Result "0-1"]
[WhiteElo "2148"]
[BlackElo "2470"]
[PlyCount "82"]
[EventDate "2004.07.24"]
[EventType "swiss"]
[EventRounds "10"]
[EventCountry "DEN"]
[SourceTitle "CBM 101 Extra"]
[Source "ChessBase"]
[SourceDate "2004.09.01"]
[SourceVersion "2"]
[SourceVersionDate "2004.09.01"]
[SourceQuality "1"]

1. e4 c6 2. d4 d5 3. Nc3 dxe4 4. Nxe4 Bf5 5. Ng3 Bg6 6. h4 h6 7. Nf3 Nd7 8. h5 Bh7 9. Bd3 Bxd3 10. Qxd3 e6 11. Bf4 Ngf6 12. 0-0-0 Be7 13. Kb1 0-0 14. Ne5 Qa5 15. Ne4 Rad8 16. Nxf6+ Nxf6 17. Qe2 Qb6 18. c3 c5 19. Be3 Nd5 20. Ka1 Qc7 21. f4 b5 22. Bc1 cxd4 23. Rxd4 b4 24. c4 Nb6 25. Rxd8 Rxd8 26. g4 Bf6 27. g5 hxg5 28. Ng4 Bd4 29. h6 Qxc4 30. Ne5 Bxe5 31. Qxe5 f6 32. Qe3 gxf4 33. Qf3 g6 34. Rg1 Kh7 35. Bxf4 Qd3 36. Be3 Nd5 37. Rd1 Qf5 38. Qg3 Rd7 39. Bc5 Qc2 40. Rg1 Rc7 41. Be3 Qd3 0-1

[Event "DEN-ch cand"]
[Site "Koge"]
[Date "2004.04.08"]
[Round "3"]
[White "Korolev, Nikolaj"]
[Black "Nielsen, Nicholas"]
[Result "0-1"]
[WhiteElo "2126"]
[BlackElo "2105"]
[PlyCount "76"]
[EventDate "2004.04.??"]
[EventType "swiss"]
[EventRounds "7"]
[EventCountry "DEN"]
[SourceTitle "CBM 099 Extra"]
[Source "ChessBase"]
[SourceDate "2004.05.04"]
[SourceVersion "1"]
[SourceVersionDate "2004.05.04"]
[SourceQuality "1"]

1. e4 c5 2. Nf3 Nc6 3. d4 cxd4 4. Nxd4 Nf6 5. Nc3 e5 6. Ndb5 d6 7. Bg5 a6 8. Na3 b5 9. Bxf6 gxf6 10. Nd5 f5 11. Bd3 Be6 12. 0-0 Bg7 13. Qh5 f4 14. c4 bxc4 15. Bxc4 0-0 16. Rac1 Ne7 17. Nc7 Bxc4 18. Rxc4 Ra7 19. Rfc1 d5 20. exd5 Nxd5 21. Nxd5 Qxd5 22. Nb1 Rd7 23. b3 Rfd8 24. Nc3 Qd3 25. h3 Qg6 26. Qxg6 hxg6 27. Ne4 f5 28. Nc5 Rd1+ 29. Kh2 Rxc1 30. Rxc1 Rd2 31. a4 Rxf2 32. Nxa6 e4 33. b4 f3 34. b5 Be5+ 35. Kg1 Rxg2+ 36. Kh1 Rh2+ 37. Kg1 f2+ 38. Kf1 Rh1+ 0-1

[Event "Politiken Cup 25th"]
[Site "Copenhagen"]
[Date "2003.07.17"]
[Round "4"]
[White "Naes, Flovin Tor"]
[Black "Korolev, Nikolaj"]
[Result "1-0"]
[WhiteElo "2330"]
[BlackElo "2117"]
[PlyCount "79"]
[EventDate "2003.07.14"]
[EventType "swiss"]
[EventRounds "11"]
[EventCountry "DEN"]
[SourceTitle "CBM 095 Extra"]
[Source "ChessBase"]
[SourceDate "2003.09.04"]
[SourceVersion "1"]
[SourceVersionDate "2003.09.04"]
[SourceQuality "1"]

1. c4 e5 2. Nc3 Nc6 3. g3 g6 4. Bg2 Bg7 5. Nf3 f5 6. d3 Nf6 7. 0-0 0-0 8. Rb1 a5 9. a3 d6 10. b4 axb4 11. axb4 h6 12. Qc2 g5 13. b5 Ne7 14. c5 g4 15. cxd6 cxd6 16. Qb3+ Kh7 17. Nd2 Nd7 18. Qb4 Nc5 19. Nc4 Rb8 20. b6 f4 21. Nxd6 f3 22. Qxc5 fxg2 23. Kxg2 Bd7 24. Qc7 Bc6+ 25. Kg1 Rf6 26. Qxd8 Rxd8 27. Nde4 Rf7 28. Bd2 Nf5 29. Rfc1 Nd4 30. Kf1 Bf8 31. Na2 Kg6 32. Nb4 Ba4 33. Be3 Nf5 34. Bc5 h5 35. Bxf8 Rdxf8 36. Rc5 h4 37. gxh4 Nxh4 38. Rxe5 Nf5 39. Rc1 Rh8 40. Rc7 1-0

[Event "Taastrup 30th anniv op"]
[Site "Taastrup"]
[Date "2002.11.26"]
[Round "5"]
[White "Jakobsen, Ole"]
[Black "Korolev, Nikolaj"]
[Result "1-0"]
[WhiteElo "2381"]
[BlackElo "2178"]
[PlyCount "53"]
[EventDate "2002.11.22"]
[EventType "swiss"]
[EventRounds "9"]
[EventCountry "DEN"]
[SourceTitle "CBM 091 Extra"]
[Source "ChessBase"]
[SourceDate "2003.01.09"]
[SourceVersion "1"]
[SourceVersionDate "2003.01.09"]
[SourceQuality "1"]

1. d4 Nf6 2. c4 e6 3. Nf3 b6 4. Nc3 Bb4 5. Qb3 c5 6. Bg5 Bb7 7. e3 0-0 8. Rd1 Bxf3 9. gxf3 cxd4 10. exd4 Be7 11. Be2 d6 12. f4 Nbd7 13. Rg1 Re8 14. Qc2 Nf8 15. f5 Qd7 16. Bh6 g6 17. fxg6 fxg6 18. h4 Bd8 19. h5 Kh8 20. Rd3 gxh5 21. Bg7+ Qxg7 22. Rxg7 Kxg7 23. Nb5 d5 24. Nd6 Re7 25. cxd5 Rc7 26. Rc3 Rd7 27. Rg3+ 1-0

[Event "Nordic-chT U20"]
[Site "Viby"]
[Date "2002.09.07"]
[Round "2.9"]
[White "Skrondal, Inge Sandstad"]
[Black "Korolev, Nikolaj"]
[Result "1-0"]
[WhiteElo "1695"]
[BlackElo "2031"]
[PlyCount "81"]
[EventDate "2002.09.06"]
[EventType "team-tourn"]
[EventRounds "3"]
[EventCountry "DEN"]
[SourceTitle "EXT 2018"]
[Source "ChessBase"]
[SourceDate "2017.10.13"]
[SourceVersion "1"]
[SourceVersionDate "2017.10.13"]
[SourceQuality "1"]
[WhiteTeam "Norway"]
[BlackTeam "Denmark"]
[WhiteTeamCountry "NOR"]
[BlackTeamCountry "DEN"]

1. c4 c5 2. Nc3 Nc6 3. g3 g6 4. Bg2 Bg7 5. Nf3 e6 6. 0-0 Nge7 7. d3 0-0 8. Be3 Nd4 9. Ne4 Qb6 10. Bxd4 cxd4 11. Rb1 d5 12. Ned2 Bd7 13. Qb3 dxc4 14. Qxb6 axb6 15. Nxc4 Rxa2 16. Nxb6 Bc6 17. Rfc1 e5 18. Nc4 e4 19. Nfe5 exd3 20. Nxc6 bxc6 21. exd3 Rb8 22. Ra1 Rxa1 23. Rxa1 Rb3 24. Ra8+ Bf8 25. Ne5 Rb7 26. Rd8 Rc7 27. Nd7 Rc8 28. Rxc8 Nxc8 29. Nxf8 Kxf8 30. Bxc6 Ke7 31. Bd5 f6 32. h4 h6 33. Kg2 Kd6 34. Bb3 Kc5 35. Kf3 Nd6 36. Be6 Nb7 37. Bf7 g5 38. Kg4 Nd6 39. Be6 Ne8 40. Kf5 Kd6 41. Bf7 1-0

[Event "Taastrup Weekend B"]
[Site "Taastrup"]
[Date "2001.09.07"]
[Round "1"]
[White "Korolev, Nikolaj"]
[Black "Overmark, Ole"]
[Result "1-0"]
[WhiteElo "1697"]
[BlackElo "1673"]
[PlyCount "79"]
[EventDate "2001.09.07"]
[EventType "tourn"]
[EventRounds "5"]
[EventCountry "DEN"]
[SourceTitle "EXT 2023"]
[Source "ChessBase"]
[SourceDate "2022.10.05"]
[SourceVersion "1"]
[SourceVersionDate "2022.10.05"]
[SourceQuality "1"]

1. e4 e6 2. d4 d5 3. Nc3 Bb4 4. e5 c5 5. a3 Bxc3+ 6. bxc3 Ne7 7. Qg4 0-0 8. Bd3 Qa5 9. Bd2 c4 10. Bxh7+ Kxh7 11. Qh4+ Kg8 12. Qxe7 Qa4 13. Rc1 Nc6 14. Qh4 Qxa3 15. Nf3 f6 16. Qh5 Bd7 17. exf6 Be8 18. Qh4 Rxf6 19. Ng5 Bg6 20. 0-0 Re8 21. Rfe1 e5 22. Re3 Rf4 23. Qg3 Rf5 24. Nf3 Bh7 25. dxe5 Qc5 26. Rce1 d4 27. cxd4 Nxd4 28. Nxd4 Qxd4 29. Bc3 Qf4 30. e6 g5 31. h4 Qxh4 32. Qxh4 gxh4 33. Re4 Rg5 34. Rxh4 Rg6 35. e7 Rc6 36. Re3 Bg6 37. Rf3 Bh7 38. Bb4 Bg6 39. Rf8+ Kg7 40. Bc3+ 1-0

[Event "Taastrup op"]
[Site "Taastrup"]
[Date "2000.02.11"]
[Round "8"]
[White "Korolev, Nikolaj"]
[Black "Jensen, Dan Bronnum"]
[Result "1-0"]
[WhiteElo "1600"]
[BlackElo "1487"]
[PlyCount "79"]
[EventDate "2000.01.21"]
[EventType "swiss"]
[EventRounds "9"]
[EventCountry "DEN"]
[SourceTitle "EXT 2023"]
[Source "ChessBase"]
[SourceDate "2022.10.05"]
[SourceVersion "1"]
[SourceVersionDate "2022.10.05"]
[SourceQuality "1"]

1. e4 c5 2. Nf3 Nc6 3. d4 cxd4 4. Nxd4 Nf6 5. Nc3 e6 6. Be3 Bb4 7. Bd3 d5 8. 0-0 0-0 9. exd5 exd5 10. Nf3 Bg4 11. Bg5 Be7 12. Re1 a6 13. h3 Bh5 14. Be2 d4 15. Bxf6 Bxf6 16. Nxd4 Bxd4 17. Bxh5 Qh4 18. Rf1 Rad8 19. Qg4 Qe7 20. Qe2 Qb4 21. Nd1 Qc5 22. c3 Bf6 23. Ne3 Rde8 24. Rad1 Re5 25. Bf3 Bg5 26. Rd5 Qe7 27. Rxe5 Qxe5 28. Nd5 Qb8 29. Re1 Qd8 30. Qe4 Kh8 31. Bd1 f5 32. Qe6 Bd2 33. Re2 Bg5 34. Bc2 f4 35. Ba4 Nb8 36. c4 Qa5 37. Qf7 Qc5 38. Re8 h6 39. Rxf8+ Kh7 40. Bc2# 1-0